Charakteristika "mikro účtovnej jednotky"

Novelou zákona č. 431/2002 Z.z. sa s účinnosťou od 1.1. 2014 zaviedol do slovenskej legislatívy nový typ účtovnej jednotky "Mikro účtovná jednotka". Jej vmedzenie podľa zákona o účtovnictve.

Enregistré dans:
Détails bibliographiques
Auteur principal: Stanley, Renáta, 1981-
Format: Chapitre de livre
Langue:slovaque
Sujets:
Tags: Ajouter un tag
Pas de tags, Soyez le premier à ajouter un tag!

MARC

LEADER 00000naa a2200000 4500
001 0191141
005 20240502073219.5
041 0 |a slo 
044 |a SK 
245 1 0 |a Charakteristika "mikro účtovnej jednotky"  |c Renáta Stanley 
520 |a Novelou zákona č. 431/2002 Z.z. sa s účinnosťou od 1.1. 2014 zaviedol do slovenskej legislatívy nový typ účtovnej jednotky "Mikro účtovná jednotka". Jej vmedzenie podľa zákona o účtovnictve. 
610 2 0 |a Slovensko 
610 2 0 |a zákony 
610 2 0 |a jednotka účtovná 
610 2 0 |a pravidlá účtovné 
100 1 |a Stanley, Renáta, 1981-